| 000 | 00428nam a2200157Ia 4500 | ||
|---|---|---|---|
| 008 | 240729s9999 xx 000 0 und d | ||
| 022 | _a2822-4469 | ||
| 245 | 0 | _aJournal of Behçet Uz Children's Hospital | |
| 260 | _aTürkiye | ||
| 260 | _bGalenos Publishing House | ||
| 650 | _a Pediatrics | ||
| 650 | _aMedicine | ||
| 856 | _uhttps://doaj.org/toc/f920bfbe655f4e3193c2975b43be9302 | ||
| 942 | _2ddc | ||
| 942 | _cDOAJEJ | ||
| 999 |
_c75043 _d75043 |
||
| 945 |
_a1 _bMadushi Gamage _c1 _dMadushi Gamage |
||